00531nam a2200157Ia 4500008004100000040001900041041001200060082002900072100005500101245004700156700003500203850001000238942000700248999001600255952010200271131103s9999 xx 000 0 und d aLoreto College aEnglish a342.947/CONbLCLIB/43677 aWest Bengal Political Science Association, Kolkata 4aThe constitution of the Russian Federation aDe, Swadhin, General Secretary aLCLIB cBK c4106d54585 00104070aMAINbMAINd2013-11-04l0o342.947/CON LCLIB/43677pB3974r2014-05-05w2013-11-04yBK